| Tag |
First Indicator |
Second Indicator |
Subfields |
| LEADER |
00000nmm a22000001a 4500 |
| 001 |
in00004616521 |
| 006 |
m|||||o||m|||||||| |
| 007 |
cr|cn |||uuuuu |
| 008 |
221118s2021 xxu||||eo|||| ||||||eng d |
| 005 |
20221207214945.1 |
| 035 |
|
|
|a (TxWaIVM)IV85521VaAr
|
| 040 |
|
|
|a TxWaIVM
|c TxWaIVM
|
| 245 |
0 |
0 |
|a Archer & Armstrong Deluxe Edition Book 1 /
|c powered by Library Pass.
|
| 260 |
3 |
|
|a [United States] :
|b Valiant Entertainment,
|c 2021.
|
| 300 |
|
|
|a 1 online resource.
|
| 336 |
|
|
|a text
|b txt
|2 rdacontent
|
| 337 |
|
|
|a computer
|b c
|2 rdamedia
|
| 338 |
|
|
|a online resource
|b cr
|2 rdacarrier
|
| 520 |
|
|
|a At last - an oversized deluxe hardcover collecting the complete first year of Archer and Armstrong by New York Times best-selling writer Fred Van Lente (Amazing Spider-Man, Marvel Zombies)! Join one of the most acclaimed adventures in comics as naive teenage assassin Obadiah Archer and the fun-loving, hard-drinking immortal called Armstrong unite to stop a plot ten thousand years in the making! From the lost temples of ancient Sumeria to modern day Wall Street, Area 51, and beyond, Valiant's conspiracy-smashing adventurers are going on a globe-trotting quest to bring the down the unholy coalition of cultists known as the Sect - and stop each of history's most notorious conspiracies from remaking the world in their own insane image. Collecting ARCHER and ARMSTRONG #0-13, the Archer and Amstrong Deluxe Editon oversized hardcover also comes jam-packed with more than 20+ pages of bonus features, including covers, character designs, and process art by Neal Adams, David Aja, Juan Doe, Tom Fowler, Clayton Henry, Emanuela Lupacchino and many more!
|
| 521 |
|
|
|a 4
|
| 538 |
|
|
|a Requires a valid library card and registration for new users.
|
| 538 |
|
|
|a Mode of access: World Wide Web.
|
| 538 |
|
|
|a System requirements: Flash 10.1 or higher, Windows XP and higher, Internet Explorer 7 and higher, Firefox 3.6 and higher, Google Chrome; Max OS 10.5 and higher, Safari 4 and higher.
|
| 650 |
|
0 |
|a Comic books, strips, etc.
|
| 655 |
|
7 |
|a Electronic books.
|2 local
|
| 655 |
|
7 |
|a Comic books, strips, etc.
|2 gsafd
|
| 650 |
|
0 |
|a Humor
|
| 655 |
|
7 |
|a Humor
|2 gsafd
|
| 650 |
|
0 |
|a Comic books, strips, etc. --Mythology
|
| 655 |
|
7 |
|a Comic books, strips, etc. --Mythology
|2 gsafd
|
| 650 |
|
0 |
|a Comic books, strips, etc. --Superheroes
|
| 655 |
|
7 |
|a Comic books, strips, etc. --Superheroes
|2 gsafd
|
| 700 |
1 |
|
|a Lente, Fred Van.
|e writer.
|
| 700 |
1 |
|
|a Henry, Clayton.
|e artist.
|
| 710 |
2 |
|
|a Library Pass, LLC.
|
| 856 |
4 |
0 |
|u http://proxy.library.tamu.edu/login?url=https://tamu.librarypass.com/product/valiant.entertainment.archer.armstrong.deluxe.edition.book.1.english.11192021
|z Connect to this electronic book (First time users create your free account)
|t 0
|
| 955 |
|
|
|a Comics Plus.
|
| 999 |
f |
f |
|s ab9a29bc-0fce-4e82-990e-8e8c9afc7293
|i aa7ecaf4-9c39-4064-b0e0-74960bb461c1
|t 0
|
| 952 |
f |
f |
|a Texas A&M University
|b College Station
|c Electronic Resources
|d Available Online
|t 0
|h Library of Congress classification
|
| 998 |
f |
f |
|t 0
|l Available Online
|